|
|
|
|
| LEADER |
00000nab a2200000 a 4500 |
| 001 |
vtls008982269 |
| 003 |
SK-MaSNL |
| 005 |
20260304135033.0 |
| 008 |
250505c2007 xo |||||||b| |000 b|slo |
| 015 |
|
|
|a SNBRB2007/04
|2 snkbucl
|
| 035 |
|
|
|a (uuid)ea776372-a309-4031-8e73-ec38a8ac1147
|
| 035 |
|
|
|a urn:nbn:sk:snk-ab1xqo
|
| 035 |
|
|
|a (urnnbn)urn:nbn:sk:snk:ar-a0172h
|
| 038 |
|
|
|a SNKBUCL
|
| 040 |
|
|
|a SNKBUCL
|b slo
|c SNKBUCL
|e AACR2
|
| 041 |
0 |
|
|a hun
|
| 044 |
|
|
|a xo
|c SK
|
| 080 |
|
|
|a 82.033:821.511.141 (437.6)-311.1
|2 1997
|
| 080 |
|
|
|a 821.511.141 (437.6)-311.1.033
|2 1997
|
| 100 |
1 |
|
|a Szaniszló, Tibor
|d 1982-
|4 aut
|9 1453740
|
| 245 |
1 |
3 |
|a Az emlékezet próbája Fülöp Antal Piszkos ember című regényében
|c Szaniszló Tibor
|
| 300 |
|
|
|b Obr.
|
| 504 |
|
|
|a Bibliogr. odkazy
|
| 600 |
1 |
7 |
|a Fülöp, Antal
|d 1943-
|t Piszkos ember
|2 snkbucl
|9 1453741
|
| 650 |
0 |
7 |
|a maďarské romány
|2 snkbucl
|9 282203
|
| 655 |
|
7 |
|a kritika a interpretácie
|2 snkbucl
|9 360040
|
| 655 |
|
7 |
|a články z novín a časopisov
|2 snkbucl
|9 267496
|
| 773 |
0 |
|
|t Kalligram : művészet és gondolat
|g Évf. XVI, sz. április (2007), o. 83-90
|x 1335-1826
|
| 850 |
|
|
|a Slovenská národná knižnica
|
| 852 |
|
|
|a Slovenská národná knižnica
|
| 954 |
|
|
|a odborná, vedecká literatúra cudzojazyčná (svetová)
|2 lita
|
| 958 |
|
|
|a article27
|
| 958 |
|
|
|a OND
|
| 958 |
|
|
|a HU
|
| 958 |
|
|
|a LX
|
| 958 |
|
|
|a SK
|
| 958 |
|
|
|a NB
|
| 999 |
|
|
|c 2909151
|d 2911081
|